تجربة المدينة في شعر العربي المعاصر 'صنعاء نموذجا ;; Taǧribat al-madīna fī 'š-šiʻr al-ʻarabī al-muʻāṣir : "Ṣanʻāʼ namū̱daǧan"/ (Record no. 78742)
[ view plain ]
| 000 -LEADER | |
|---|---|
| fixed length control field | 01186nam a2200241 a 4500 |
| 001 - CONTROL NUMBER | |
| control field | 78742 |
| 003 - CONTROL NUMBER IDENTIFIER | |
| rucl marc code | BD-RjUL |
| 005 - DATE AND TIME OF LATEST TRANSACTION | |
| control field | 20211209083152.0 |
| 008 - FIXED-LENGTH DATA ELEMENTS--GENERAL INFORMATION | |
| fixed length control field | 211110s2006 ua ||||| |||| 001 0 ara d |
| 020 ## - INTERNATIONAL STANDARD BOOK NUMBER | |
| International Standard Book Number | 977419408X |
| 035 ## - SYSTEM CONTROL NUMBER | |
| System control number | (BD-RjUL)78968 |
| 040 ## - CATALOGING SOURCE | |
| Original cataloging agency | BD-RjUL |
| Language of cataloging | eng |
| Transcribing agency | BD-RjUL |
| 041 ## - LANGUAGE CODE | |
| Language code of text/sound track or separate title | ara |
| 082 ## - DEWEY DECIMAL CLASSIFICATION NUMBER | |
| Edition number | 23 |
| Classification number | 892.7109 |
| Author mark and year | SHT 2006 |
| 100 1# - MAIN ENTRY--PERSONAL NAME | |
| Personal name | الشاذلي, عبد السلام محمد ;;Shazly, Abdel Salam Mohamed |
| 9 (RLIN) | 249824 |
| 245 10 - TITLE STATEMENT | |
| Title | تجربة المدينة في شعر العربي المعاصر 'صنعاء نموذجا ;; Taǧribat al-madīna fī 'š-šiʻr al-ʻarabī al-muʻāṣir : "Ṣanʻāʼ namū̱daǧan"/ |
| Statement of responsibility, etc. | عبد السلام محمد الشاذليʻ ;; Abd-as-Salām Muḥammad aš- Šā̱dilī |
| 260 ## - PUBLICATION, DISTRIBUTION, ETC. (IMPRINT) | |
| Place of publication, distribution, etc. | Misr: |
| Name of publisher, distributor, etc. | الهيئة المصريّة العامّة للكتاب, Al-Qāhiraẗ : al-Hayʼaẗ al-miṣriyyaẗ al-ʻāmmaẗ li-l-kitāb, 2006.al-Qāhira al-Haiʼa al-Miṣrīya al-ʻĀmma li-'l-Kitāb, |
| Date of publication, distribution, etc. | 2006 |
| 300 ## - PHYSICAL DESCRIPTION | |
| Pagination | 299 Seiten ; |
| Size | 22 cm |
| 500 ## - GENERAL NOTE | |
| General note | In arab. Schr., arab. |
| 650 ## - SUBJECT ADDED ENTRY--TOPICAL TERM | |
| Topical term or geographic name as entry element | Arabic poetry |
| 9 (RLIN) | 249825 |
| Form subdivision | history and Criticism |
| Topical term or geographic name as entry element | الشعر العربي |
| Form subdivision | تاريخ ونقد |
| 9 (RLIN) | 249826 |
| 942 ## - ADDED ENTRY ELEMENTS (KOHA) | |
| Source of classification or shelving scheme | Dewey Decimal Classification |
| Koha item type | Books |
| Lost status | Source of classification or shelving scheme | Damaged status | Not for loan | Collection code | Permanent Location | Current Location | Shelving location | Date acquired | Source of acquisition | Cost, normal purchase price | Total Checkouts | Full call number | Date last seen | Copy number | Koha item type |
|---|---|---|---|---|---|---|---|---|---|---|---|---|---|---|---|
| Dewey Decimal Classification | Not For Loan | Non-fiction | Central Library, University of Rajshahi | Central Library, University of Rajshahi | Reading Room | 10/07/2008 | Maktubat al Arabia, Dhaka | 300.00 | 892.7109 SHT 2006 | 10/11/2021 | C-1 | Books | |||
| Dewey Decimal Classification | Non-fiction | Central Library, University of Rajshahi | Central Library, University of Rajshahi | 10/07/2008 | maktabat al arabi | 300.00 | A 892.7109 SHT 2006 | 10/11/2021 | C-2 | Books |